000 01210nam a2200265Ia 4500
003 OSt
005 20220930095031.0
006 a|||||r|||| 00| 0
007 ta
008 220926b |||||||| |||| 00| 0 hin d
024 _a67017
037 _cTheses
040 _aCRL
_cCRL
_bhin
041 _2hin
_ahin
100 _aनेगी, किरन, ले.
110 _aदिल्ली विश्वविद्यालय. कला संकाय. हिन्दी विभाग
245 0 _aविशाल भारद्वाज की फिल्मों के संदर्भ में साहित्य और सिनेमा के अंतःसंबंध का अध्ययन, किरन नेगी
246 _aVishāl bhāradvāj kī filmoan ke sandarbha mean sāhitya aur sinemā ke aantahsanbandha kā adhyayana, kiran negī
260 _c2018
300 _a263पृ0
_ap.
_ccm.
650 _aसिनेमा
700 _aदिल्ली विश्वविद्यालय. कला संकाय. हिन्दी विभाग
942 _cDIS
_2CC
999 _c888200
_d888200